| 000 | 00970cam a2200277 a 4500 | ||
|---|---|---|---|
| 999 |
_c3799 _d3799 |
||
| 001 | 3858430 | ||
| 003 | GBCCL | ||
| 005 | 20241126110504.0 | ||
| 008 | 880728m19889999ilu 001 0 eng | ||
| 010 | _a 88071950 | ||
| 020 |
_a0842325409 (v. 1) : _c14.95 |
||
| 020 | _a0842326170 (v. 3) | ||
| 040 |
_aDLC _cDLC _dDLC |
||
| 050 | 0 | 0 |
_aBV255 _b.O54 1988 |
| 082 | 0 | 0 |
_a249 _220 _bONE |
| 245 | 0 | 4 |
_aThe One year book of family devotions / _c[stories written by V. Louise Cunningham ... et al.]. |
| 260 |
_aWheaton, Ill. : _bTyndale House Publishers, _cc1988-<c1990> |
||
| 300 |
_av. <1, 3 > ; _c24 cm. |
||
| 500 | _aIncludes indexes. | ||
| 650 | 0 |
_aFamilies _vPrayers and devotions. _96191 |
|
| 650 | 0 |
_aDevotional calendars. _91878 |
|
| 700 | 1 |
_aCunningham, V. Louise _q(Verna Louise), _d1933- _96225 |
|
| 906 |
_a7 _bcbc _corignew _d2 _eopcn _f19 _gy-gencatlg |
||
| 942 |
_2ddc _cBK _01 |
||